In the matter of an application under section 84 of the Law of Property Act 1925 (Record no. 108298)

MARC details
000 -LEADER
fixed length control field 01993cad a22002415a 4500
001 - CONTROL NUMBER
control field L143870
008 - FIXED-LENGTH DATA ELEMENTS--GENERAL INFORMATION
fixed length control field 080604e20080415xxk f v 000 0 eng d
035 ## - SYSTEM CONTROL NUMBER
System control number (Sirsi) u143870
041 0# - LANGUAGE CODE
Language code of text/sound track or separate title eng
050 04 - LIBRARY OF CONGRESS CALL NUMBER
Classification number 346.41043 $2 18
245 00 - TITLE STATEMENT
Title In the matter of an application under section 84 of the Law of Property Act 1925
Remainder of title Crowe and Heaton
Medium [electronic resource]
260 ## - PUBLICATION, DISTRIBUTION, ETC.
Place of publication, distribution, etc. London
Name of publisher, distributor, etc. Lands Tribunal
Date of publication, distribution, etc. 2008
520 ## - SUMMARY, ETC.
Summary, etc. LP/34/2006, 15 April 2008. Considered whether it was permissible to alter a restrictive covenant, and whether objectors and beneficiaries of the covenant were entitled to any payment in compensation. The applicants (C) applied for an alteration to a covenant preventing them from erecting a wooden shed in the grounds of their property. The objectors (M) were occupants of the neighbouring property, previous owners of C's property, and beneficiaries of the covenant. A shed was already in existence on the site, which C proposed to remove in order to build the new shed at a new location. Plans also referred to a concrete structure on the site of the new shed which had since been removed. C argued that the building of a shed was fair use of the property under the General Permitted Development Order 1995, and that the covenant was effectively obsolete. "Held": The covenant was not obsolete. However C's argument of fair use was acceptable, and the covenant could legitimately be modified. No injury was foreseen to M, who had only limited view of the shed from their property. The matter of material compensation therefore did not arise. Application permitted.
521 2# - TARGET AUDIENCE NOTE
Target audience note Advanced
590 ## - LOCAL NOTE (RLIN)
Local note KA
650 24 - SUBJECT ADDED ENTRY--TOPICAL TERM
Topical term or geographic name entry element CROWE AND HEATON
650 24 - SUBJECT ADDED ENTRY--TOPICAL TERM
Topical term or geographic name entry element LAW OF PROPERTY ACT 1925 S84
650 24 - SUBJECT ADDED ENTRY--TOPICAL TERM
Topical term or geographic name entry element GENERAL PERMITTED DEVELOPMENT ORDER 1995
651 #4 - SUBJECT ADDED ENTRY--GEOGRAPHIC NAME
Geographic name England and Wales
Chronological subdivision 1543-
690 ## - LOCAL SUBJECT ADDED ENTRY--TOPICAL TERM (OCLC, RLIN)
Topical term or geographic name as entry element Block management
9 (RLIN) 6220
856 40 - ELECTRONIC LOCATION AND ACCESS
Uniform Resource Identifier <a href="https://www.landstribunal.gov.uk/Aspx/view.aspx?id=510">https://www.landstribunal.gov.uk/Aspx/view.aspx?id=510</a>
Public note View the judgment free of charge at www.landstribunal.gov.uk...
942 ## - ADDED ENTRY ELEMENTS (KOHA)
Suppress in OPAC 0
Holdings
Withdrawn status Lost status Source of classification or shelving scheme Damaged status Not for loan Home library Current library Shelving location Date acquired Total Checkouts Full call number Barcode Date last seen Copy number Price effective from Koha item type
    Dewey Decimal Classification     Virtual Virtual Online 04/06/2008   ONLINE PUBLICATION 143870-1001 06/08/2019 1 06/08/2019 Law report